[Event "Mittelfranken-chTB2b 1920"]
[Site "Mittelfranken"]
[Date "2020.02.02"]
[Round "5.2"]
[White "Dippel, Joerg"]
[Black "Ahmadzadeh Razavi, Seyed Shaahin"]
[Result "1-0"]
[WhiteElo "1818"]
[BlackElo "1914"]
[PlyCount "107"]
[EventDate "2019.10.13"]
[EventType "team-tourn"]
[EventRounds "9"]
[EventCountry "GER"]
[SourceTitle "EXT 2023"]
[Source "ChessBase"]
[SourceDate "2022.10.05"]
[SourceVersion "1"]
[SourceVersionDate "2022.10.05"]
[SourceQuality "1"]
[WhiteTeam "Nuernberg Anderssen"]
[BlackTeam "Nuernberg NT IV"]
[WhiteTeamCountry "GER"]
[BlackTeamCountry "GER"]

1. e4 c5 2. Nc3 e6 3. f4 a6 4. a4 d5 5. e5 Nc6 6. Nf3 Nh6 7. g3 Be7 8. Bh3 0-0 9. 0-0 d4 10. Ne2 d3 11. Nc3 Nb4 12. Ne1 Qd4+ 13. Kh1 Bd7 14. Bg2 Bc6 15. Bxc6 bxc6 16. Nxd3 Nxd3 17. cxd3 Qxd3 18. Qf3 Qd7 19. Kg2 Nf5 20. d3 Rab8 21. Rb1 Rb3 22. Rd1 Rfb8 23. Ne4 Qd4 24. Qf2 Rxd3 25. Qxd4 Rxd4 26. Rxd4 cxd4 27. g4 Nh4+ 28. Kf2 g5 29. b3 c5 30. Ba3 gxf4 31. Bxc5 Bxc5 32. Nxc5 a5 33. Rc1 Rc8 34. Rc4 Ng6 35. Nd3 Rb8 36. b4 Rxb4 37. Rxb4 axb4 38. Nxb4 Nxe5 39. a5 Nc4 40. a6 Nb6 41. Nd3 Kg7 42. Nxf4 Kf6 43. a7 Ke5 44. Kf3 f5 45. g5 Kd6 46. h4 Ke7 47. h5 Kf7 48. Nd3 Kg7 49. Kf4 Kf7 50. Ke5 Ke7 51. Kxd4 Kd6 52. Ne5 Ke7 53. Kc5 Na8 54. Kc6 1-0

[Event "Mittelfranken-chTB2b 1819"]
[Site "Mittelfranken"]
[Date "2019.02.10"]
[Round "5.3"]
[White "Dippel, Joerg"]
[Black "Rink, Florian"]
[Result "0-1"]
[WhiteElo "1807"]
[BlackElo "1861"]
[PlyCount "74"]
[EventDate "2018.10.14"]
[EventType "team-tourn"]
[EventRounds "9"]
[EventCountry "GER"]
[SourceTitle "EXT 2022"]
[Source "ChessBase"]
[SourceDate "2021.10.06"]
[SourceVersion "1"]
[SourceVersionDate "2021.10.06"]
[SourceQuality "1"]
[WhiteTeam "Nuernberg Anderssen"]
[BlackTeam "Uttenreuth"]
[WhiteTeamCountry "GER"]
[BlackTeamCountry "GER"]

1. e4 e6 2. d4 d5 3. e5 c5 4. c3 Nc6 5. Nf3 Qb6 6. a3 Bd7 7. Be2 Nge7 8. dxc5 Qc7 9. b4 Nxe5 10. Nd4 N7g6 11. g3 Be7 12. h4 h5 13. Kf1 Ng4 14. Nd2 e5 15. Nc2 0-0-0 16. Nf3 Rhf8 17. Ne3 Be6 18. Ng5 Bxg5 19. hxg5 f5 20. Rxh5 Nxe3+ 21. fxe3 f4 22. Kg1 fxg3 23. Bg4 Qd7 24. Bxe6 Qxe6 25. Bd2 e4 26. Be1 Rf3 27. Qe2 Rdf8 28. c6 Qg4 29. cxb7+ Kb8 30. Rh7 Rf1+ 31. Qxf1 Rxf1+ 32. Kxf1 Qf3+ 33. Kg1 Qxe3+ 34. Kf1 Qf3+ 35. Kg1 Nf4 36. Ra2 Qe3+ 37. Kf1 g2+ 0-1

[Event "Mittelfranken-chTB2b 1718"]
[Site "Mittelfranken"]
[Date "2018.03.04"]
[Round "6.2"]
[White "Dippel, Joerg"]
[Black "Petrov, Mikhail3333"]
[Result "1-0"]
[WhiteElo "1752"]
[BlackElo "1907"]
[PlyCount "77"]
[EventDate "2017.10.08"]
[EventType "team-tourn"]
[EventRounds "9"]
[EventCountry "GER"]
[SourceTitle "EXT 2022"]
[Source "ChessBase"]
[SourceDate "2021.10.06"]
[SourceVersion "1"]
[SourceVersionDate "2021.10.06"]
[SourceQuality "1"]
[WhiteTeam "Nuernberg Anderssen"]
[BlackTeam "Nuernberg Sued SW III"]
[WhiteTeamCountry "GER"]
[BlackTeamCountry "GER"]

1. e4 e6 2. d4 d5 3. e5 c5 4. c3 Nc6 5. Nf3 Qb6 6. a3 a5 7. Bd3 Bd7 8. Bc2 Nh6 9. 0-0 cxd4 10. cxd4 Nf5 11. Bxf5 exf5 12. Nc3 Be6 13. Qd3 Be7 14. Rd1 0-0 15. Bg5 Rac8 16. Bxe7 Nxe7 17. Rab1 Rc4 18. b3 Rc6 19. Rdc1 f4 20. Na4 Qc7 21. Qd2 Rc8 22. Rd1 Ng6 23. Ne1 Bf5 24. Rb2 b6 25. h4 Nxh4 26. Qxf4 Qe7 27. b4 Rh6 28. Rc1 Ng6 29. Rxc8+ Bxc8 30. Qg3 Nh4 31. Nc3 Nf5 32. Qf4 Rh4 33. Qf3 Rxd4 34. Nxd5 Qd8 35. Ne3 Nh4 36. Qc6 Bd7 37. Qc3 Be6 38. bxa5 bxa5 39. Qxd4 1-0

[Event "Mittelfranken-chTB2b 1718"]
[Site "Mittelfranken"]
[Date "2018.01.28"]
[Round "4.3"]
[White "Rink, Florian"]
[Black "Dippel, Joerg"]
[Result "1/2-1/2"]
[WhiteElo "1864"]
[BlackElo "1752"]
[PlyCount "71"]
[EventDate "2017.10.08"]
[EventType "team-tourn"]
[EventRounds "9"]
[EventCountry "GER"]
[SourceTitle "EXT 2022"]
[Source "ChessBase"]
[SourceDate "2021.10.06"]
[SourceVersion "1"]
[SourceVersionDate "2021.10.06"]
[SourceQuality "1"]
[WhiteTeam "Uttenreuth"]
[BlackTeam "Nuernberg Anderssen"]
[WhiteTeamCountry "GER"]
[BlackTeamCountry "GER"]

1. d4 d5 2. c4 e6 3. Nc3 c6 4. e3 f5 5. g4 Nf6 6. gxf5 exf5 7. Bg2 dxc4 8. Qe2 Be6 9. e4 Nxe4 10. Nxe4 fxe4 11. Bd2 Be7 12. Bxe4 Bf7 13. 0-0-0 0-0 14. h4 Nd7 15. Nf3 Nf6 16. Bf5 Qd6 17. Ne5 Bd5 18. Nxc4 Bxc4 19. Qxc4+ Nd5 20. Qd3 g6 21. Be4 Nf6 22. Bxg6 hxg6 23. Qxg6+ Kh8 24. d5 Nh7 25. Bc3+ Bf6 26. dxc6 Qxc6 27. Qc2 Rac8 28. Rh3 b5 29. Bxf6+ Qxf6 30. Rc3 Rxc3 31. Qxc3 Qxc3+ 32. bxc3 Nf6 33. Rd4 Rc8 34. Kd2 Kg7 35. a4 Rc5 36. axb5 1/2-1/2

[Event "Mittelfranken Mitte-ch"]
[Site "Nuremberg"]
[Date "2017.01.08"]
[Round "6"]
[White "Lingl, Peter"]
[Black "Dippel, Joerg"]
[Result "1-0"]
[WhiteElo "1661"]
[BlackElo "1805"]
[PlyCount "45"]
[EventDate "2017.01.05"]
[EventType "swiss"]
[EventRounds "7"]
[EventCountry "GER"]
[SourceTitle "EXT 2018"]
[Source "ChessBase"]
[SourceDate "2017.10.13"]
[SourceVersion "1"]
[SourceVersionDate "2017.10.13"]
[SourceQuality "1"]

1. e4 e6 2. d4 d5 3. Nd2 dxe4 4. Nxe4 Bd7 5. Bd3 Bc6 6. Nf3 Nd7 7. Be3 Ngf6 8. Nxf6+ Qxf6 9. Bg5 Bxf3 10. Qd2 Qxd4 11. gxf3 Bd6 12. 0-0-0 h6 13. Be3 Qa4 14. Kb1 a5 15. Qe2 Qh4 16. Rdg1 Qf6 17. Rd1 0-0-0 18. Ba6 Nc5 19. Bxc5 Bxc5 20. Qe4 Rd6 21. Qxb7+ Kd8 22. Qc8+ Ke7 23. Qxc7+ 1-0

[Event "Mittelfranken-chTB2a 1314"]
[Site "Mittelfranken"]
[Date "2013.12.01"]
[Round "3.2"]
[White "Hannweber, Markus"]
[Black "Dippel, Joerg"]
[Result "1/2-1/2"]
[WhiteElo "1865"]
[BlackElo "1799"]
[PlyCount "39"]
[EventDate "2013.10.20"]
[EventType "team-tourn"]
[EventRounds "9"]
[EventCountry "GER"]
[SourceTitle "EXT 2020"]
[Source "ChessBase"]
[SourceDate "2019.10.17"]
[SourceVersion "1"]
[SourceVersionDate "2019.10.17"]
[SourceQuality "1"]
[WhiteTeam "Nuernberg SK 1911 II"]
[BlackTeam "Anderssen/78 Nuernberg"]
[WhiteTeamCountry "GER"]
[BlackTeamCountry "GER"]

1. e4 e6 2. d4 d5 3. exd5 exd5 4. Bd3 Nc6 5. c3 Bd6 6. Ne2 Bg4 7. f3 Bh5 8. 0-0 Nge7 9. Bf4 Bg6 10. Qc2 Qd7 11. b4 Nd8 12. Nd2 0-0 13. Rfe1 Ne6 14. Bxd6 Qxd6 15. Nf1 Rfe8 16. a4 Bxd3 17. Qxd3 c6 18. a5 Nc7 19. Neg3 Qg6 20. Rad1 1/2-1/2

[Event "Mittelfranken-chTB2a 1314"]
[Site "Mittelfranken"]
[Date "2013.11.17"]
[Round "2.2"]
[White "Dippel, Joerg"]
[Black "Hofer, Stefan1111"]
[Result "0-1"]
[WhiteElo "1799"]
[BlackElo "1870"]
[PlyCount "29"]
[EventDate "2013.10.20"]
[EventType "team-tourn"]
[EventRounds "9"]
[EventCountry "GER"]
[SourceTitle "EXT 2020"]
[Source "ChessBase"]
[SourceDate "2019.10.17"]
[SourceVersion "1"]
[SourceVersionDate "2019.10.17"]
[SourceQuality "1"]
[WhiteTeam "Anderssen/78 Nuernberg"]
[BlackTeam "Cadolzburg"]
[WhiteTeamCountry "GER"]
[BlackTeamCountry "GER"]

1. e4 e6 2. d4 d5 3. e5 c5 4. c3 Nc6 5. Nf3 Nh6 6. Na3 f6 7. Bb5 Bd7 8. exf6 Qxf6 9. Bg5 Qf7 10. 0-0 Bd6 11. Re1 0-0 12. Qd2 Ng4 13. h3 Nf6 14. Bxf6 g6 15. Qh6 0-1

[Event "Nuremberg Zabo op 13th"]
[Site "Nuremberg"]
[Date "2011.09.17"]
[Round "2"]
[White "Keller, Werner"]
[Black "Dippel, Joerg"]
[Result "0-1"]
[WhiteElo "1663"]
[BlackElo "1868"]
[PlyCount "59"]
[EventDate "2011.09.16"]
[EventType "swiss"]
[EventRounds "5"]
[EventCountry "GER"]
[SourceTitle "EXT 2013"]
[Source "ChessBase"]
[SourceDate "2012.11.22"]
[SourceVersion "1"]
[SourceVersionDate "2012.11.22"]
[SourceQuality "1"]

1. Nf3 d5 2. d3 c5 3. g3 Nf6 4. Nbd2 Nc6 5. e4 e6 6. Bg2 Be7 7. 0-0 0-0 8. Re1 Re8 9. c3 b6 10. e5 Nd7 11. Nf1 Bb7 12. h4 Rc8 13. Bf4 Nf8 14. N1h2 Qc7 15. h5 Qd8 16. Ng4 Nd7 17. Qe2 Bf8 18. Rad1 Rc7 19. Ne3 Ne7 20. Bh3 Qa8 21. d4 Nc6 22. Qc2 h6 23. Nxd5 Rcc8 24. Ne3 cxd4 25. Nxd4 Ndxe5 26. Bxe5 Nxe5 27. Bg2 Bc5 28. Bxb7 Qxb7 29. Re2 Bxd4 30. Rxd4 0-1

[Event "Nuremberg LGA Cup 8th"]
[Site "Nuremberg"]
[Date "2011.09.11"]
[Round "7"]
[White "Dippel, Joerg"]
[Black "Troyke, Doreen"]
[Result "1-0"]
[WhiteElo "1860"]
[BlackElo "2079"]
[PlyCount "55"]
[EventDate "2011.09.08"]
[EventType "swiss"]
[EventRounds "7"]
[EventCountry "GER"]
[SourceTitle "CBM 144 Extra"]
[Source "ChessBase"]
[SourceDate "2011.10.28"]
[SourceVersion "1"]
[SourceVersionDate "2011.10.28"]
[SourceQuality "1"]

1. e4 c5 2. Nc3 d6 3. f4 e6 4. Nf3 Nf6 5. Bb5+ Bd7 6. Bxd7+ Nbxd7 7. d3 Be7 8. 0-0 0-0 9. h3 Qc7 10. g4 Rab8 11. Qe1 b5 12. Bd2 b4 13. Ne2 a5 14. Ng3 Nb6 15. g5 Nfd7 16. f5 c4 17. d4 d5 18. e5 Rfc8 19. f6 Bf8 20. fxg7 Bxg7 21. Nh5 c3 22. bxc3 Nc4 23. Nf6+ Nxf6 24. gxf6 Bf8 25. Bf4 Na3 26. Rc1 Qxc3 27. Qg3+ Kh8 28. Kh1 1-0

[Event "Nuremberg LGA Cup 8th"]
[Site "Nuremberg"]
[Date "2011.09.11"]
[Round "6"]
[White "Leis, Stefan"]
[Black "Dippel, Joerg"]
[Result "1/2-1/2"]
[WhiteElo "1909"]
[BlackElo "1860"]
[PlyCount "54"]
[EventDate "2011.09.08"]
[EventType "swiss"]
[EventRounds "7"]
[EventCountry "GER"]
[SourceTitle "CBM 144 Extra"]
[Source "ChessBase"]
[SourceDate "2011.10.28"]
[SourceVersion "1"]
[SourceVersionDate "2011.10.28"]
[SourceQuality "1"]

1. e4 e6 2. d3 d5 3. Nd2 Nf6 4. Ngf3 Be7 5. g3 0-0 6. Bg2 b6 7. e5 Nfd7 8. 0-0 Bb7 9. Re1 c5 10. Nf1 Nc6 11. h4 Re8 12. N1h2 f5 13. Bf4 Nf8 14. h5 g5 15. hxg6 hxg6 16. Qd2 Nh7 17. Qd1 Kf7 18. g4 Rh8 19. gxf5 gxf5 20. Qd2 Qg8 21. Kf1 Qg6 22. Bh1 Rag8 23. Ke2 Qh5 24. c3 Bg5 25. Rg1 Bd8 26. Rae1 Rxg1 27. Rxg1 Rg8 1/2-1/2

[Event "Nuremberg LGA Cup 8th"]
[Site "Nuremberg"]
[Date "2011.09.09"]
[Round "3"]
[White "Krah, Michael"]
[Black "Dippel, Joerg"]
[Result "1/2-1/2"]
[WhiteElo "1999"]
[BlackElo "1860"]
[PlyCount "67"]
[EventDate "2011.09.08"]
[EventType "swiss"]
[EventRounds "7"]
[EventCountry "GER"]
[SourceTitle "CBM 144 Extra"]
[Source "ChessBase"]
[SourceDate "2011.10.28"]
[SourceVersion "1"]
[SourceVersionDate "2011.10.28"]
[SourceQuality "1"]

1. d4 d5 2. Nf3 c6 3. c4 e6 4. g3 Nf6 5. Bg2 Nbd7 6. 0-0 Be7 7. Nc3 0-0 8. b3 b6 9. Bb2 Bb7 10. Re1 Rc8 11. Ne5 Nxe5 12. dxe5 Ne8 13. cxd5 cxd5 14. Nb5 a6 15. Nd4 Bb4 16. Rf1 Bc3 17. Bxc3 Rxc3 18. Rc1 Rxc1 19. Qxc1 Qd7 20. Qe3 Nc7 21. Rc1 Rc8 22. Rc3 Nb5 23. Rxc8+ Bxc8 24. a4 Nxd4 25. Qxd4 Qc7 26. e4 dxe4 27. Bxe4 g6 28. h4 h5 29. b4 Bb7 30. Bxb7 Qxb7 31. Qd6 b5 32. a5 Qc8 33. Kh2 Kg7 34. Kg1 1/2-1/2

[Event "Nuremberg LGA Cup 8th"]
[Site "Nuremberg"]
[Date "2011.09.08"]
[Round "1"]
[White "Bartsch, Berthold"]
[Black "Dippel, Joerg"]
[Result "1-0"]
[WhiteElo "2213"]
[BlackElo "1860"]
[PlyCount "61"]
[EventDate "2011.09.08"]
[EventType "swiss"]
[EventRounds "7"]
[EventCountry "GER"]
[SourceTitle "CBM 144 Extra"]
[Source "ChessBase"]
[SourceDate "2011.10.28"]
[SourceVersion "1"]
[SourceVersionDate "2011.10.28"]
[SourceQuality "1"]

1. e4 e6 2. Nc3 d5 3. g3 Nf6 4. Bg2 c6 5. d3 Be7 6. Qe2 dxe4 7. dxe4 e5 8. Nf3 Qc7 9. 0-0 0-0 10. b3 Re8 11. Bb2 Bf8 12. h3 Nfd7 13. Nd1 g6 14. Ne3 Bg7 15. Rad1 Nf8 16. Nc4 f6 17. Nd6 Re7 18. Nxc8 Qxc8 19. h4 Na6 20. Kh2 Qe8 21. Bh3 Ne6 22. Rd6 Rd8 23. Rxd8 Qxd8 24. Rd1 Qe8 25. Rd6 Nac7 26. Qc4 c5 27. a4 h6 28. a5 Kf7 29. Ba3 Na6 30. Qd5 Qc8 31. Bxe6+ 1-0

[Event "GER-chT Betriebe"]
[Site "Berlin"]
[Date "2006.10.06"]
[Round "3.4"]
[White "Dippel, Joerg"]
[Black "Koerlin, Hans Juergen"]
[Result "1-0"]
[WhiteElo "1533"]
[BlackElo "1789"]
[PlyCount "75"]
[EventDate "2006.10.05"]
[EventType "team-tourn"]
[EventRounds "7"]
[EventCountry "GER"]
[SourceTitle "EXT 2007"]
[Source "ChessBase"]
[SourceDate "2006.11.23"]
[SourceVersion "1"]
[SourceVersionDate "2006.11.23"]
[SourceQuality "1"]
[WhiteTeam "Gillette III"]
[BlackTeam "BA Tempelhof"]
[WhiteTeamCountry "GER"]
[BlackTeamCountry "GER"]

1. d4 Nf6 2. c4 e5 3. dxe5 Ng4 4. Nf3 Bc5 5. e3 Nc6 6. Be2 0-0 7. 0-0 Ncxe5 8. Nxe5 Nxe5 9. a3 a5 10. Nc3 d6 11. b3 Bd7 12. Bb2 Qh4 13. Nd5 Qd8 14. Bd4 b6 15. b4 axb4 16. axb4 Bxd4 17. exd4 Rxa1 18. Qxa1 Ng6 19. Bf3 c6 20. Ne3 f5 21. Qa2 Nh4 22. Qe2 Re8 23. Qd1 f4 24. Nc2 Qg5 25. Kh1 d5 26. c5 b5 27. Rg1 Bf5 28. Ne1 Be4 29. Qb3 Nf5 30. Qc3 Qg6 31. Qd2 Qh6 32. Bg4 Nh4 33. f3 Nf5 34. Bxf5 Bxf5 35. Nd3 Bxd3 36. Qxd3 Re3 37. Qf5 g5 38. Ra1 1-0

[Event "Nuremberg LGA Cup 3rd"]
[Site "Nuremberg"]
[Date "2006.09.09"]
[Round "4.39"]
[White "Dippel, Joerg"]
[Black "Wagner, Florian"]
[Result "0-1"]
[WhiteElo "1927"]
[BlackElo "2079"]
[PlyCount "104"]
[EventDate "2006.09.07"]
[EventType "swiss"]
[EventRounds "7"]
[EventCountry "GER"]
[SourceTitle "EXT 2022"]
[Source "ChessBase"]
[SourceDate "2021.10.06"]
[SourceVersion "1"]
[SourceVersionDate "2021.10.06"]
[SourceQuality "1"]

1. e4 c5 2. Nf3 Nc6 3. d4 cxd4 4. Nxd4 Nf6 5. Nc3 e5 6. Ndb5 d6 7. Bg5 a6 8. Na3 b5 9. Nd5 Be7 10. Bxf6 Bxf6 11. c4 b4 12. Nc2 a5 13. Nxf6+ Qxf6 14. Qd5 Bb7 15. Qd3 0-0 16. g3 Qe7 17. Bg2 Kh8 18. 0-0 Rad8 19. Rad1 Bc8 20. Rd2 Qa7 21. Qe3 Qc7 22. b3 Ne7 23. Rfd1 f5 24. exf5 Bxf5 25. Be4 Bg4 26. f3 Be6 27. Ne1 Nf5 28. Bxf5 Bxf5 29. Nd3 Rfe8 30. Nf2 Rd7 31. Ne4 Red8 32. Ng5 h6 33. g4 Bxg4 34. fxg4 hxg5 35. Rd3 Rf8 36. Qxg5 Qc5+ 37. Qe3 Rdf7 38. Qxc5 dxc5 39. Rd5 Rf2 40. R1d2 Rxd2 41. Rxd2 a4 42. Kg2 axb3 43. axb3 Rf4 44. h3 Rd4 45. Re2 e4 46. Re3 g5 47. Kg3 Kg7 48. Kg2 Kf6 49. Re2 Ke5 50. Rf2 e3 51. Rf8 Rf4 52. Rd8 Ke4 0-1

[Event "Nuremberg-ch op 04th"]
[Site "Nuremberg"]
[Date "2004.05.22"]
[Round "2"]
[White "Heimrath, Reiner"]
[Black "Dippel, Joerg"]
[Result "1-0"]
[WhiteElo "2336"]
[BlackElo "1987"]
[PlyCount "71"]
[EventDate "2004.05.21"]
[EventType "swiss"]
[EventRounds "5"]
[EventCountry "GER"]
[SourceTitle "EXT 2006"]
[Source "ChessBase"]
[SourceDate "2005.11.24"]
[SourceVersion "1"]
[SourceVersionDate "2005.11.24"]
[SourceQuality "1"]

1. e4 c5 2. Nc3 Nc6 3. d3 e6 4. g3 Nf6 5. Bg5 Be7 6. Bg2 d6 7. Nge2 0-0 8. 0-0 Rb8 9. a4 a6 10. f4 Nd7 11. Bxe7 Qxe7 12. d4 cxd4 13. Nxd4 Rd8 14. Rf2 Nf6 15. Rd2 Ne8 16. Qh5 Bd7 17. Nb3 Rbc8 18. Rad1 Nb8 19. f5 Bc6 20. g4 Nd7 21. Nd4 Ne5 22. b3 Nf6 23. Qh4 Nexg4 24. Rd3 Ne5 25. Rg3 Kf8 26. fxe6 fxe6 27. Rf1 Ke8 28. Bh3 Ng6 29. Rxg6 hxg6 30. Nxe6 Qf7 31. Nd5 Bxd5 32. exd5 g5 33. Qxg5 Rc7 34. Bf5 Qe7 35. Qg6+ Qf7 36. Nxc7+ 1-0